Réquiem por la modernización : perspectivas cambiantes en estudios del desarrollo /

محفوظ في:
التفاصيل البيبلوغرافية
المؤلف الرئيسي: Sánchez Ruiz, Enrique E. (autor)
التنسيق: كتاب
اللغة:الإسبانية
منشور في: Guadalajara, México : Universidad de Guadalajara, 1986, c1986
سلاسل:(Cuadernos de Difusión Científica ; 7)
(Comunicación, Educación y Sociedad ; 3)
الموضوعات:
الوسوم: إضافة وسم
لا توجد وسوم, كن أول من يضع وسما على هذه التسجيلة!

MARC

LEADER 00000nam^a2200000^a^4500
001 000037183
005 20250521000000.0
009 20260310085418.561
020 |a 968-895-023-8 
037 |a Acervo ITESO - Biblioteca 
041 |a ESP 
082 |a 303. 44  |b SAN 
100 |a Sánchez Ruiz, Enrique E.  |e (autor) 
245 1 0 |a Réquiem por la modernización :  |b perspectivas cambiantes en estudios del desarrollo /  |c E.E. Sánchez Ruiz. 
264 4 |a Guadalajara, México :  |b Universidad de Guadalajara,  |c 1986, c1986 
300 |a 41 p. 
336 |a texto  |b txt  |2 rdacontenido 
337 |a sin mediación  |b n  |2 rdamedio 
338 |a volumen  |b nc  |2 rdasoporte 
440 1 |a (Cuadernos de Difusión Científica ;  |v 7) 
440 1 |a (Comunicación, Educación y Sociedad ;  |v 3) 
649 |a XX 
650 |a Modernización -  |x Teoría 
650 |a Comunicación Masiva 
650 |a Medios de Comunicación 
650 |a Desarrollo Económico-Social -  |x Tema Principal 
650 |a Cambios Sociales y Culturales -  |x Tema Principal 
650 |a Economía -  |x Teoría 
650 |a Sociología -  |x Teoría 
650 |a Ciencias Sociales -  |x Teoría 
910 |a Fondo General 
920 |a Impresos - Libros 
930 |a Colección General 
905 |a 101 
901 |a 0371830100  |b IT1  |c ACC  |i 037183  |u 20250521 
901 |a 0500048001  |b IT1  |c ACC  |u 20250521 
902 |a https://opac.biblio.iteso.mx/vufind/Record/000037183